INTERNATIONAL ENCYCLOPAEDIA OF LAWS (Record no. 22546)

MARC details
000 -LEADER
fixed length control field 00355nam a22001457a 4500
003 - CONTROL NUMBER IDENTIFIER
control field OSt
005 - DATE AND TIME OF LATEST TRANSACTION
control field 20211214152428.0
008 - FIXED-LENGTH DATA ELEMENTS--GENERAL INFORMATION
fixed length control field 211214b |||||||| |||| 00| 0 eng d
040 ## - CATALOGING SOURCE
Original cataloging agency HU
Transcribing agency DDC
082 ## - DEWEY DECIMAL CLASSIFICATION NUMBER
Classification number 345/INT
245 ## - TITLE STATEMENT
Title INTERNATIONAL ENCYCLOPAEDIA OF LAWS
260 ## - PUBLICATION, DISTRIBUTION, ETC.
Name of publisher, distributor, etc. KLUWER LAW INTERNATIONAL
Date of publication, distribution, etc. 2004
300 ## - PHYSICAL DESCRIPTION
Extent 76P,22CM
942 ## - ADDED ENTRY ELEMENTS (KOHA)
Source of classification or shelving scheme Dewey Decimal Classification
Koha item type Books like text book referance book
Suppress in OPAC No
Holdings
Withdrawn status Lost status Source of classification or shelving scheme Damaged status Not for loan Home library Current library Shelving location Date acquired Total Checkouts Full call number Barcode Date last seen Copy number Price effective from Koha item type
    Dewey Decimal Classification     Law & Governance lLbrary Law & Governance lLbrary General Stacks 12/14/2021   345/INT LGCLIB00006293 12/14/2021 C1 12/14/2021 Books like text book referance book